INTRODUCTION TOCOORDINATION .SOLID STATE, AND DESCRIPTIVE CHEMISTRY (Record no. 5314)
[ view plain ]
| 000 -LEADER | |
|---|---|
| fixed length control field | 00441nam a22001697a 4500 |
| 003 - CONTROL NUMBER IDENTIFIER | |
| control field | OSt |
| 005 - DATE AND TIME OF LATEST TRANSACTION | |
| control field | 20210921100706.0 |
| 008 - FIXED-LENGTH DATA ELEMENTS--GENERAL INFORMATION | |
| fixed length control field | 210921b |||||||| |||| 00| 0 eng d |
| 020 ## - INTERNATIONAL STANDARD BOOK NUMBER | |
| International Standard Book Number | 0070533849 |
| 040 ## - CATALOGING SOURCE | |
| Transcribing agency | HU |
| 082 ## - DEWEY DECIMAL CLASSIFICATION NUMBER | |
| Classification number | 546/ROD |
| 100 ## - MAIN ENTRY--PERSONAL NAME | |
| Personal name | RODGERS |
| Fuller form of name | GLEN E .RODGERS |
| 9 (RLIN) | 5407 |
| 245 ## - TITLE STATEMENT | |
| Title | INTRODUCTION TOCOORDINATION .SOLID STATE, AND DESCRIPTIVE CHEMISTRY |
| 260 ## - PUBLICATION, DISTRIBUTION, ETC. | |
| Place of publication, distribution, etc. | NEW YORK |
| Name of publisher, distributor, etc. | MC GRAW-HILL |
| 300 ## - PHYSICAL DESCRIPTION | |
| Extent | 545 |
| 942 ## - ADDED ENTRY ELEMENTS (KOHA) | |
| Source of classification or shelving scheme | Dewey Decimal Classification |
| Koha item type | Books like text book referance book |
| Suppress in OPAC | No |
| Withdrawn status | Lost status | Source of classification or shelving scheme | Damaged status | Not for loan | Home library | Current library | Date acquired | Full call number | Barcode | Date last seen | Copy number | Price effective from | Koha item type |
|---|---|---|---|---|---|---|---|---|---|---|---|---|---|
| Dewey Decimal Classification | Natural & Computational Science Library | Natural & Computational Science Library | 09/21/2021 | 546/ROD | NSCLIB00011515 | 09/21/2021 | 1 | 09/21/2021 | Books like text book referance book |